| 000 | 00569nam a2200217Ia 4500 | ||
|---|---|---|---|
| 003 | OSt | ||
| 005 | 20221002054925.0 | ||
| 006 | a|||||r|||| 00| 0 | ||
| 007 | ta | ||
| 008 | 220930b |||||||| |||| 00| 0 tel d | ||
| 024 | _a71085 | ||
| 037 | _cReference Collections | ||
| 040 |
_aCRL _cCRL _btel |
||
| 041 |
_2tel _atel |
||
| 082 | _aO35:(P:4)k, L8(RR) | ||
| 100 |
_aReddy Rama Au. _9576479 |
||
| 245 | 0 | _aSaahitya Padakoosamu | |
| 260 | _c1978 | ||
| 942 |
_hO35:(P:4)k, L8(RR) _cref _2CC |
||
| 999 |
_c926203 _d926203 |
||